| 000 | 00816cam a22002295a 4500 | ||
|---|---|---|---|
| 001 | 4059027 | ||
| 005 | 20201124142935.0 | ||
| 008 | 760422s1964 njua frb 001 0 eng d | ||
| 040 |
_aDLC _cDLC _dICU _dDLC _dEG-ScBUE _beng |
||
| 082 | 0 | 4 |
_a330.9 _222 _bFUN |
| 100 | 1 |
_aBengtson, N. A. _q(Nels August), _d1879- |
|
| 245 | 0 | 0 |
_aFundamentals of economic geography : _ban introduction to the study of resources / _cWilliam Van Royen ... [et al.] |
| 250 | _a5th ed., Revised ed. | ||
| 260 |
_aEnglewood Cliffs : _bPrentice-Hall, _c1964. |
||
| 300 |
_axviii, 613 p. : _bill. ; _c26 cm. |
||
| 500 | _aAuthors' names in reverse order in other editions. | ||
| 504 | _aIncludes bibliographical references and index. | ||
| 651 | _2BUEsh | ||
| 653 |
_bGGEN _cDecember2017 |
||
| 700 | 1 |
_aVan Royen, William, _d1900- |
|
| 942 | _2ddc | ||
| 999 |
_c25813 _d25785 |
||